书目信息 |
| 题名: |
针灸治疗指南
|
|
| 作者: | 王大生 | |
| 分册: | ||
| 出版信息: | 东营 石油大学出版社 1994.02 |
|
| 页数: | 322页 | |
| 开本: | 32开 | |
| 丛书名: | ||
| 单 册: | ||
| 中图分类: | R245-62 | |
| 科图分类: | ||
| 主题词: | 中医学:临床医学 | |
| 电子资源: | ||
| ISBN: | 7-5636-0430-8 | |
| 000 | 00527nam0 2200181 45 | |
| 001 | 9911301546 | |
| 005 | 19991130154143.1 | |
| 010 | @a7-5636-0430-8@d7.80 | |
| 100 | @a19991130d1994 km y0chiy0120 ea | |
| 101 | @achi | |
| 105 | @a z 000yy | |
| 200 | 1 | @a针灸治疗指南@AZhen Jiu Zhi Liao Zhi Nan@f王大生@FWang Da Sheng |
| 210 | @a东营@c石油大学出版社@d1994.02 | |
| 215 | @a322页@c无图表@d32开 | |
| 606 | 0 | @a中医学:临床医学 |
| 690 | @aR245-62@v3 | |
| 801 | @aCN@bPerfectUser@c19991130 | |
| 905 | @aBZT@b43386-400@f15@dR245-62@e3 | |
| 针灸治疗指南/王大生.-东营:石油大学出版社,1994.02 |
| 322页:无图表;32开 |
| ISBN 7-5636-0430-8:7.80 |
| ● |
| 相关链接 |
|
|
|
正题名:针灸治疗指南
索取号:R245-62/3
 
预约/预借
| 序号 | 登录号 | 条形码 | 馆藏地/架位号 | 状态 | 备注 |
| 1 | 43387 | 200564460 | 中心书库中库/ 中库003架A面7列4层7/ [索取号:R245-62/3] | 在馆 | |
| 2 | 43389 | 200564503 | 中心书库中库/ 中库003架A面7列4层5/ [索取号:R245-62/3] | 在馆 | |
| 3 | 43392 | 200564353 | 中心书库中库/ 中库003架A面7列4层14/ [索取号:R245-62/3] | 在馆 | |
| 4 | 43393 | 200564488 | 中心书库中库/ 中库003架A面7列4层12/ [索取号:R245-62/3] | 在馆 | |
| 5 | 43394 | 200564451 | 中心书库中库/ 中库003架A面7列4层10/ [索取号:R245-62/3] | 在馆 | |
| 6 | 43396 | 200564442 | 中心书库中库/ 中库003架A面7列4层2/ [索取号:R245-62/3] | 在馆 | |
| 7 | 43400 | 200564479 | 中心书库中库/ 中库003架A面7列4层13/ [索取号:R245-62/3] | 在馆 |